Populous Countries (Memory Minefield) Quiz Stats

 Plays Quiz Updated Jul 14, 2016

Also try: Memory Minefield
Challenge
Share
Tweet
Embed
Score 0/100 Timer 07:00
0 Plays Today
* ** % Correct
IN???
99.9%
US???
99.9%
IN???
99.9%
BR???
99.9%
PA???
99.9%
NI???
99.9%
BA???
99.9%
RU???
99.9%
JA???
99.9%
ME???
99.9%
PH???
99.9%
VI???
99.9%
ET???
99.9%
GE???
99.9%
EG???
99.9%
IR???
99.9%
TU???
99.9%
TH???
99.9%
DC???
99.9%
FR???
99.9%
UK???
99.9%
IT???
99.9%
SA???
99.9%
SK???
99.9%
MY???
99.9%
CO???
99.9%
SP???
99.9%
UK???
99.9%
TA???
99.9%
SU???
99.9%
KE???
99.9%
AR???
99.9%
PO???
99.9%
AL???
99.9%
* ** % Correct
CA???
99.9%
UG???
99.9%
MO???
99.9%
IQ???
99.9%
AF???
99.9%
NE???
99.9%
PE???
99.9%
VE???
99.9%
MA???
99.9%
SA???
99.9%
UZ???
99.9%
GH???
99.9%
NK???
99.9%
YE???
99.9%
MO???
99.9%
AU???
62.9%
AN???
61%
AU???
55.2%
GR???
53.4%
BU???
50%
BE???
49.2%
CH???
46.6%
ES???
45.9%
BU???
45.6%
BU???
44.2%
AZ???
41.2%
BE???
38.2%
IS???
37.9%
NE???
37.1%
BE???
37%
GU???
36.8%
CU???
35.7%
CO???
35.7%
PO???
35.5%
* ** % Correct
BO???
34%
GU???
33.8%
CZ???
33.5%
HA???
32.9%
CA???
31.9%
CA???
31.7%
DR???
31.2%
HU???
29.5%
CH???
29.4%
EC???
28.5%
PA???
27.1%
SL???
26.7%
MA???
26.5%
KA???
25.9%
SE???
25.6%
SW???
25.5%
MA???
25.4%
SY???
24.9%
PA???
24.2%
SW???
24%
HO???
23.8%
SE???
22.6%
MA???
22.2%
RO???
20.8%
RW???
20.3%
TU???
20.1%
UA???
19.9%
SO???
19.2%
ZA???
18.8%
ZI???
17.9%
TA???
17.4%
CH???
9.4%

You're not logged in!

Compare scores with friends on all Sporcle quizzes.
Join for Free
OR
Log In

You Might Also Like...

Show Comments

Extras

Top Quizzes Today


Score Distribution

Your Account Isn't Verified!

In order to create a playlist on Sporcle, you need to verify the email address you used during registration. Go to your Sporcle Settings to finish the process.

Report this User

Report this user for behavior that violates our Community Guidelines.

Details: